The ship / (Record no. 8037)
[ view plain ]
| 000 -LEADER | |
|---|---|
| fixed length control field | 00605nam a2200229 a 4500 |
| 001 - CONTROL NUMBER | |
| JCCL Control Number | 8037 |
| 003 - CONTROL NUMBER IDENTIFIER | |
| JCCL marc code | BD -JhCC |
| 005 - DATE AND TIME OF LATEST TRANSACTION | |
| control field | 20181120095334.0 |
| 008 - FIXED-LENGTH DATA ELEMENTS--GENERAL INFORMATION | |
| fixed length control field | 880808s1943 enk 000 1 eng d |
| 035 ## - SYSTEM CONTROL NUMBER | |
| system control number | (BD -JhCC)8037 |
| 035 ## - SYSTEM CONTROL NUMBER | |
| system control number | (OCoLC)558905979 |
| 040 ## - CATALOGING SOURCE | |
| Original cataloging agency | ANJ |
| Transcribing agency | ANJ |
| Modifying agency | OCL |
| -- | BD -JhCC |
| 041 ## - LANGUAGE CODE | |
| Language code of Book | eng |
| 082 ## - DEWEY DECIMAL CLASSIFICATION NUMBER | |
| Author mark and Year | FOR 1943 |
| Classification number | 823.912 |
| 100 1# - MAIN ENTRY--PERSONAL NAME | |
| Personal name | Forester, C. S. |
| Fuller form of name | (Cecil Scott), |
| Dates associated with a name | 1899-1966. |
| 245 14 - TITLE STATEMENT | |
| Title | The ship / |
| Statement of responsibility, etc | C.S. Forester |
| 260 ## - PUBLICATION, DISTRIBUTION, ETC. (IMPRINT) | |
| Place of publication, distribution, etc | Michael Joseph : |
| Name of publisher, distributor, etc | London, |
| Date of publication, distribution, etc | 1943 |
| 300 ## - PHYSICAL DESCRIPTION | |
| Pagination | 192 p. ; |
| Dimensions | 19 cm |
| 650 #0 - SUBJECT ADDED ENTRY--TOPICAL TERM | |
| Topical term or geographic name as entry element | World War, 1939-1945 |
| Form subdivision | Fiction |
| 942 ## - ADDED ENTRY ELEMENTS (KOHA) | |
| Source of classification or shelving scheme | Dewey Decimal Classification |
| Koha item type | Books |
| Source of classification or shelving scheme | Damaged status | Not for loan | Home library | Current library | Shelving location | Total Checkouts | Full call number | Barcode | Date last seen | Copy number | Koha item type |
|---|---|---|---|---|---|---|---|---|---|---|---|
| Dewey Decimal Classification | JCC Rouf Library | JCC Rouf Library | General Stacks | 823.912 FOR 1943 | 10391 | 02/17/2018 | C - 1 | Books |